000 00249nam a2200097Ia 4500
001 798826
005 20250826170835.0
008 250824s9999 xx 000 0 und d
245 0 _aZARİF ADAM CAHİT ZARİFOĞLU
_cYUSUF AYDOĞAN
260 _bGENÇ HAYAT
999 _c798826
_d798826